Naked statistics: Stripping the dread from the data / (Record no. 220771)
[ view plain ]
| 000 -LEADER | |
|---|---|
| fixed length control field | 00686nam a22002057a 4500 |
| 005 - DATE AND TIME OF LATEST TRANSACTION | |
| control field | 20211217191239.0 |
| 008 - FIXED-LENGTH DATA ELEMENTS--GENERAL INFORMATION | |
| fixed length control field | 211125b ||||| |||| 00| 0 eng d |
| 020 ## - INTERNATIONAL STANDARD BOOK NUMBER | |
| International Standard Book Number | 978-0-393-34777-7 |
| 040 ## - CATALOGING SOURCE | |
| Transcribing agency | AIMIT LIBRARY |
| 082 ## - DEWEY DECIMAL CLASSIFICATION NUMBER | |
| Edition number | 1 |
| Classification number | 519.5 |
| Item number | WHEC |
| 100 ## - MAIN ENTRY--PERSONAL NAME | |
| Personal name | Wheelan, Charles. |
| Relator term | Author |
| 9 (RLIN) | 10840 |
| 245 ## - TITLE STATEMENT | |
| Title | Naked statistics: Stripping the dread from the data / |
| Statement of responsibility, etc. | by Charles Wheelan. |
| Remainder of title | |
| 250 ## - EDITION STATEMENT | |
| Edition statement | 1st. ed . - |
| 260 ## - PUBLICATION, DISTRIBUTION, ETC. | |
| Place of publication, distribution, etc. | New York: |
| Name of publisher, distributor, etc. | W W Norton & Company, |
| Date of publication, distribution, etc. | 2014 |
| 300 ## - PHYSICAL DESCRIPTION | |
| Extent | xviii, 282p. ; 20.5 cm |
| 650 ## - SUBJECT ADDED ENTRY--TOPICAL TERM | |
| Topical term or geographic name entry element | Basic probability |
| 9 (RLIN) | 11788 |
| 650 ## - SUBJECT ADDED ENTRY--TOPICAL TERM | |
| Topical term or geographic name entry element | The importance of data |
| 9 (RLIN) | 11789 |
| 650 ## - SUBJECT ADDED ENTRY--TOPICAL TERM | |
| Topical term or geographic name entry element | Common regression mistakes |
| 9 (RLIN) | 11790 |
| 942 ## - ADDED ENTRY ELEMENTS (KOHA) | |
| Source of classification or shelving scheme | Dewey Decimal Classification |
| Koha item type | Book |
| Edition | 1st Edition |
| Call number prefix | 519.5 WHEC |
| Withdrawn status | Lost status | Source of classification or shelving scheme | Damaged status | Not for loan | Collection code | Home library | Current library | Date acquired | Cost, normal purchase price | Inventory number | Total Checkouts | Full call number | Barcode | Date last seen | Cost, replacement price | Price effective from | Koha item type |
|---|---|---|---|---|---|---|---|---|---|---|---|---|---|---|---|---|---|
| Dewey Decimal Classification | MCA | St Aloysius Institute of Management & Information Technology | St Aloysius Institute of Management & Information Technology | 10/25/2021 | 1348.00 | 3009/ 20-10-2021 | 519.5 WHEC | MCA16975 | 07/21/2025 | 1145.00 | 11/25/2021 | Book | |||||
| Dewey Decimal Classification | MCA | St Aloysius Institute of Management & Information Technology | St Aloysius Institute of Management & Information Technology | 10/25/2021 | 1348.00 | 3009/ 20/10/2021 | 519.5 WHEC | MCA16976 | 07/21/2025 | 1145.00 | 11/25/2021 | Book |